Adjustment and Poverty (Record no. 8808)

MARC details
000 -LEADER
fixed length control field 00633nam a22002177a 4500
003 - CONTROL NUMBER IDENTIFIER
control field OSt
005 - DATE AND TIME OF LATEST TRANSACTION
control field 20240625120638.0
008 - FIXED-LENGTH DATA ELEMENTS--GENERAL INFORMATION
fixed length control field 240625b |||||||| |||| 00| 0 eng d
020 ## - INTERNATIONAL STANDARD BOOK NUMBER
International Standard Book Number 0415124360
040 ## - CATALOGING SOURCE
Transcribing agency MUST
082 ## - DEWEY DECIMAL CLASSIFICATION NUMBER
Classification number 362.5 STE 1995
100 ## - MAIN ENTRY--PERSONAL NAME
Relator code Stewart, Frances
245 ## - TITLE STATEMENT
Title Adjustment and Poverty
Remainder of title : options and choices
260 ## - PUBLICATION, DISTRIBUTION, ETC. (IMPRINT)
Place of publication, distribution, etc. Newyork
Name of publisher, distributor, etc. :Routledge
Date of publication, distribution, etc. , C 1995
300 ## - PHYSICAL DESCRIPTION
Extent ix,243p
Dimensions ; 23 cm
504 ## - BIBLIOGRAPHY, ETC. NOTE
Bibliography, etc includes bibliography<br/>includes index
650 ## - SUBJECT ADDED ENTRY--TOPICAL TERM
Source of heading or term Structual adjustment
650 ## - SUBJECT ADDED ENTRY--TOPICAL TERM
Topical term or geographic name as entry element Poverty-developing countries
9 (RLIN) 17799
650 ## - SUBJECT ADDED ENTRY--TOPICAL TERM
Topical term or geographic name as entry element world -bank -developing countries
9 (RLIN) 17800
942 ## - ADDED ENTRY ELEMENTS (KOHA)
Source of classification or shelving scheme Dewey Decimal Classification
Koha item type Open Shelf
Holdings
Withdrawn status Lost status Source of classification or shelving scheme Damaged status Not for loan Home library Current library Date acquired Source of acquisition Inventory number Total Checkouts Full call number Barcode Date last seen Price effective from Koha item type
    Dewey Decimal Classification     MUST Main Library MUST Main Library 25/06/2024 Purchase 11/34424   362.5 STE 1995 2024-21228 25/06/2024 25/06/2024 Open Shelf
    Dewey Decimal Classification     MUST Main Library MUST Main Library 25/06/2024   11/34423   362.5 STE 1995 2024-21233 25/06/2024 25/06/2024 Open Shelf
    Dewey Decimal Classification     MUST Main Library MUST Main Library 25/06/2024 Purchase 2011/34425   362.5 STE 1995 2024-21278 25/06/2024 25/06/2024 Open Shelf
    Dewey Decimal Classification     MUST Main Library MUST Main Library 08/07/2024 purchase 11/34427   362.5 STE 1995 2024-21807 08/07/2024 08/07/2024 Open Shelf